La jugada del sexto día
Na minha lista:
| Autor principal: | |
|---|---|
| Formato: | Livro |
| Idioma: | espanhol |
| Publicado em: |
Santiago
Universitaria
1970
|
| Colecção: | Colección Letras de América
|
| Assuntos: | |
| Tags: |
Adicionar Tag
Sem tags, seja o primeiro a adicionar uma tag!
|
MARC
| LEADER | 00000nam a2200000 a 4500 | ||
|---|---|---|---|
| 001 | UCT6607 | ||
| 003 | CL-VaPUC | ||
| 008 | 970113e19700000CL |||||||||||||||||spa|d | ||
| 082 | 0 | 4 | |a Co863 |b TRA |2 21 |
| 100 | 0 | |a Traba, Marta |e author |9 376867 | |
| 245 | 1 | 3 | |a La jugada del sexto día |
| 300 | |a 214 p | ||
| 942 | |c BK | ||
| 945 | |d 19970113 00:00:00 |a rleighto | ||
| 260 | |a Santiago |b Universitaria |c 1970 | ||
| 650 | 0 | |a Novelas colombianas |9 266734 | |
| 583 | |a last modification |c 19970113 00:00:00 |k Rodrigo Vera | ||
| 490 | 0 | |a Colección Letras de América | |
| 999 | |c 255294 |d 255292 | ||
| 952 | |0 0 |1 0 |4 0 |6 CO_863_000000000000000_TRA_1970 |7 0 |8 A |9 277490 |a BIBEDU |b BIBEDU |d 2019-11-19 |i 3266753 |o Co863 TRA 1970 |p 3266753 |r 2019-11-19 |w 2019-11-19 |y BK |k LIT | ||
| 952 | |0 0 |1 0 |4 0 |6 CO_863_000000000000000_TRA_1970 |7 0 |8 A |9 277491 |a BIBEDU |b BIBEDU |d 2019-11-19 |i 3266788 |l 2 |o Co863 TRA 1970 |p 3266788 |r 2023-10-12 |s 2023-09-12 |w 2019-11-19 |y BK |k LIT | ||